000 00380nam a22001457a 4500
005 20200710113407.0
008 200710b xxu||||| |||| 00| 0 eng d
082 _a345.4005
100 _aDEB, ASHOK KUMAR
_96282
245 _aINDIAN BAR REVIEW Vol. XXXVI (1TO 2) 2009
260 _aNEW DELHI
_bBAR COUNCILA OF INDIA
_c2009
300 _a476p.
650 _aLAW
_95701
942 _cJRL
999 _c7399
_d7397